Balanza de pagos y crecimiento en América Central: 1950-1996 /

El propósito del artículo es determinar en qué medida la evolución de las exportaciones y los términos de intercambio explican en crecimiento económico de largo plazo en cinco países centroamericanos. Para ello se recurre al modelo elaborado por Thirlwall y Hussain. Se concluye que cuando las ventas...

Ausführliche Beschreibung

Gespeichert in:
Bibliographische Detailangaben
1. Verfasser: Moreno Brid, Juan Carlos
Weitere Verfasser: Pérez, Esteban
Format: Text
Schlagworte:
Tags: Tag hinzufügen
Keine Tags, Fügen Sie den ersten Tag hinzu!

MARC

LEADER 00000 a a2200000 04500
001 3479
003
040
100 |a Moreno Brid, Juan Carlos  
245 |a Balanza de pagos y crecimiento en América Central: 1950-1996 /  |c Juan Carlos Moreno Brid 
520 |a El propósito del artículo es determinar en qué medida la evolución de las exportaciones y los términos de intercambio explican en crecimiento económico de largo plazo en cinco países centroamericanos. Para ello se recurre al modelo elaborado por Thirlwall y Hussain. Se concluye que cuando las ventas externas no tuvieron influencia significativa ello pudo deberse al flujo de recursos del exterior. REV//jmml  
650 |a CRECIMIENTO ECONOMICO Y SOCIAL  
650 |a BALANZA DE PAGOS  
650 |a ECONOMIA  
650 |a POLITICA  
650 |a TEORIA  
650 |a MODELOS  
700 |a Pérez, Esteban  
773 |g volumen 50, número 1; páginas 30-37  
999 |c 29580  |d 29580